000 00501nam a2200157 a 4500
001 000030059
005 20200930060017.0
008 110428s2002 dr a 000 0 spa d
040 _aDO-SdBNP
_bspa
_cBNPHU
245 0 0 _aDirectorio profesional de participantes.
246 1 _aDirectorio profesional de participantes
_bVI bolsa turĂ­stica del caribe
250 _a6ta. ed.
260 _aSanto Domingo :
_bBolsa turĂ­stica del caribe (BTC),
_c2002.
300 _a74 p. :
_bil. ;
_c28 cm.
049 _aBNPD
999 _c29551
_d29551